LIBRARY ONLINE CATALOGUE

Integrated advertising, promotion, and marketing communications / (Record no. 1611)

MARC details
000 -LEADER
fixed length control field 00738cam a22002292 4500
001 - CONTROL NUMBER
control field 0000021028
005 - DATE AND TIME OF LATEST TRANSACTION
control field 20151021152604.0
008 - FIXED-LENGTH DATA ELEMENTS--GENERAL INFORMATION
fixed length control field 120109s xx 000 0 eng d
020 ## - INTERNATIONAL STANDARD BOOK NUMBER
International Standard Book Number 8131709965 :
040 ## - CATALOGING SOURCE
Original cataloging agency KABU
Transcribing agency KABU
100 1# - MAIN ENTRY--PERSONAL NAME
Personal name Clow, Kenneth E.
-- 0000151056
245 10 - TITLE STATEMENT
Title Integrated advertising, promotion, and marketing communications /
Statement of responsibility, etc. Kenneth E. Clow, Donald Baack.
250 ## - EDITION STATEMENT
Edition statement 3rd ed.
260 ## - PUBLICATION, DISTRIBUTION, ETC. (IMPRINT)
Place of publication, distribution, etc. New Delhi :
Name of publisher, distributor, etc. Pearson,
Date of publication, distribution, etc. 2007.
300 ## - PHYSICAL DESCRIPTION
Extent 537 p.
650 #0 - SUBJECT ADDED ENTRY--TOPICAL TERM
Topical term or geographic name as entry element Communication in marketing.
-- 0000151439
650 #0 - SUBJECT ADDED ENTRY--TOPICAL TERM
Topical term or geographic name as entry element Advertising.
-- 0000071054
700 1# - ADDED ENTRY--PERSONAL NAME
Personal name Baack, Donald.
-- 0000181714
852 1# - LOCATION
-- p1485 KES
908 ## - PUT COMMAND PARAMETER (RLIN)
Put command parameter 120109
950 ## - LOCAL HOLDINGS (RLIN)
-- 1
Holdings
Withdrawn status Lost status Source of classification or shelving scheme Not for loan Home library Current library Date acquired Total Checkouts Total Renewals Full call number Barcode Date last seen Date last checked out Copy number Price effective from Koha item type
    Library of Congress Classification   Kabarak, Nakuru City Campus Kabarak, Nakuru City Campus 21/10/2015 1 1 HF5415.123 .C56 2007 c. 1 20160 23/08/2022 15/09/2017 c.1 21/10/2015 General Collection